01240nam a2200277 a 4500001001000000005001700010008004100027041000800068044000700076084002200083100003300105245006300138260001900201300002700220500004500247500017600292500004700468500002900515500009900544506009300643546005300736600004200789650002400831651006900855700003800924BRCA_493620190320204852.0211010s1823----mx-#######---#000-0#spa-# aspa amx aDOC25b.B73c18231 aBravo, Nicolás,d1786-185410aDocumento dirigido a Don Nicolás Bravo.cNicolás Bravo aMéxicoc1823 a[2] fojasc30 x 21 cm. aDocumento firmado el 14 de mayo de 1823. aDocumento redactado por los diputados secretarios del Congreso dirigido a Don Nicolás Bravo, dándole las gracias por su disposición acerca del embarque de Iturbide. aEl documento contiene la leyenda DOC. #34. aPapel con marca de agua. aEstado de conservación: falta esquina inferior derecha y contiene anotaciones en tinta roja.0 aFondo Reservado. Para su consulta es necesario credencial de usuario y carta de motivos. aTexto en: español de principios del siglo XIX.14aBravo, Nicolásd1786-1854xHistoria14aExiliadoszMéxico 4aMéxicoxHistoriayPrimeros gobiernos independientes, 1821-18241 aIturbide, Agustín ded1783-1824